000 00639nam a22001817a 4500
003 CEME
005 20210628204048.0
008 210107b xxu||||| |||| 00| 0 eng d
020 _a9780600867057
040 _cceme
082 _a629.134358 JAW
100 _aJaw, Link C , Mattingly, Jack D
_968522
245 _aAircraft engine controls , design, system analysis, and health monitoring
260 _aUSA
_bAIAA
_c2009
300 _aXX, 361P
650 _aAIRCRAFT ENGINE CONTROLS.AIAA.AIRPLANES-TURBOJET ENGINES-CONTROL SYSTEMS.AIRCRAFT GAS TURBINES-DESIGN AND CONSTRUCTION. AIRCRAFT GASTURBINES-INSPECTION
_968523
942 _cBK
_2ddc
999 _c576080
_d576080